| 000 | 00673 a2200205 4500 | ||
|---|---|---|---|
| 005 | 20260312152613.0 | ||
| 008 | 260312b |||||||| |||| 00| 0 eng d | ||
| 020 | _a9788176501668 (pbk) | ||
| 037 | _cTB | ||
| 040 |
_aCRL _cCRL |
||
| 041 |
_2hin _ahin |
||
| 084 |
_aO152,3M80,1 L0;R4 _qCRL |
||
| 100 | _aप्रेमचंद | ||
| 245 | _aगोदान | ||
| 260 |
_aनई दिल्ली, भारत: _bस्टार पब्लिकेशन्स, _c2024. |
||
| 300 | _a348पृ. | ||
| 650 | _aहिन्दी कहानी | ||
| 650 | _aहिन्दी साहित्य | ||
| 942 |
_cTB _2CC _hO152,3M80,1 L0;R4 |
||
| 999 |
_c1679864 _d1679864 |
||